[Event "Nizami Ganjavi 880 years U17"]
[Site "Tornelo INT"]
[Date "2021.04.03"]
[Round "5.6"]
[White "Dela Cruz, Daren"]
[Black "Valdes Boza, Aliett"]
[Result "1-0"]
[WhiteElo "1471"]
[BlackElo "1892"]
[PlyCount "79"]
[EventDate "2021.04.02"]
[EventType "team-swiss (blitz)"]
[EventRounds "9"]
[EventCountry "AZE"]
[SourceTitle "EXT 2023"]
[Source "ChessBase"]
[SourceDate "2022.10.05"]
[SourceVersion "1"]
[SourceVersionDate "2022.10.05"]
[SourceQuality "1"]
[WhiteTeam "Philippines"]
[BlackTeam "Cuba Masters"]
[WhiteTeamCountry "PHI"]
[BlackTeamCountry "CUB"]

1. d4 Nf6 2. Bf4 g6 3. e3 Bg7 4. Nf3 0-0 5. h3 d6 6. c3 c5 7. dxc5 dxc5 8. Nbd2 Nc6 9. Bc4 Bf5 10. g4 Bd3 11. Bxd3 Qxd3 12. Qe2 Rfd8 13. Qxd3 Rxd3 14. Ke2 Rad8 15. Rad1 Kf8 16. Nb3 Rxd1 17. Rxd1 Rxd1 18. Kxd1 Ne4 19. Ke2 b6 20. Nfd2 Nxd2 21. Nxd2 e5 22. Bg3 Ke7 23. f4 Ke6 24. Ne4 f6 25. Kd3 Bf8 26. fxe5 Nxe5+ 27. Bxe5 Kxe5 28. c4 f5 29. Nd2 f4 30. Nf3+ Ke6 31. exf4 Bg7 32. b3 h6 33. Ke4 Bc3 34. h4 Bg7 35. h5 gxh5 36. gxh5 Kf6 37. Ne5 Ke6 38. Ng4 Bd4 39. f5+ Kf7 40. Kd5 1-0

[Event "Nizami Ganjavi 880 years U17"]
[Site "Tornelo INT"]
[Date "2021.04.02"]
[Round "1.6"]
[White "Jansone, Melanija Luize"]
[Black "Valdes Boza, Aliett"]
[Result "1/2-1/2"]
[WhiteElo "1389"]
[BlackElo "1892"]
[PlyCount "116"]
[EventDate "2021.04.02"]
[EventType "team-swiss (blitz)"]
[EventRounds "9"]
[EventCountry "AZE"]
[SourceTitle "EXT 2023"]
[Source "ChessBase"]
[SourceDate "2022.10.05"]
[SourceVersion "1"]
[SourceVersionDate "2022.10.05"]
[SourceQuality "1"]
[WhiteTeam "Latvia"]
[BlackTeam "Cuba Masters"]
[WhiteTeamCountry "LAT"]
[BlackTeamCountry "CUB"]

1. e4 c5 2. Nf3 d6 3. d4 cxd4 4. Nxd4 Nf6 5. Nc3 a6 6. a4 e5 7. Nb3 Be6 8. Be2 Be7 9. Be3 d5 10. exd5 Nxd5 11. Nxd5 Bxd5 12. 0-0 0-0 13. h3 Nc6 14. Kh1 Rc8 15. f4 exf4 16. Bxf4 Bf6 17. c3 Ne5 18. Nd4 Nc4 19. Bxc4 Bxc4 20. Re1 Qb6 21. Qd2 Rfd8 22. Be3 Qc7 23. Qf2 Be5 24. Red1 Bg3 25. Qf3 Bd5 26. Qg4 Kh8 27. Nf5 Be5 28. Bd4 f6 29. a5 Bxd4 30. Rxd4 Be6 31. Qf3 Bxf5 32. Rxd8+ Rxd8 33. Qxf5 Rd2 34. Re1 Qc6 35. Qe4 Qxe4 36. Rxe4 g6 37. Rb4 Rd7 38. Rb6 Kg7 39. c4 f5 40. Kh2 Rc7 41. b3 h6 42. Kg3 g5 43. Kf3 h5 44. Kg3 Kf7 45. Kf3 Kg7 46. g4 fxg4+ 47. hxg4 h4 48. Kg2 Rd7 49. Kh3 Rd3+ 50. Kh2 Rd2+ 51. Kh3 Rd3+ 52. Kh2 Rd7 53. Kh3 Kf7 54. b4 Rd3+ 55. Kh2 Rd2+ 56. Kh3 Rd3+ 57. Kh2 Rd2+ 58. Kh3 Rd3+ 1/2-1/2

[Event "Wch FIDE Online U12 Girls America qual"]
[Site "Tornelo INT"]
[Date "2020.12.04"]
[Round "7"]
[White "Lee, Alice"]
[Black "Valdes Boza, Aliett"]
[Result "1-0"]
[WhiteElo "1967"]
[BlackElo "1892"]
[PlyCount "105"]
[EventDate "2020.12.01"]
[EventType "swiss (rapid)"]
[EventRounds "7"]
[EventCountry "ISS"]
[SourceTitle "EXT 2022"]
[Source "ChessBase"]
[SourceDate "2021.10.06"]
[SourceVersion "1"]
[SourceVersionDate "2021.10.06"]
[SourceQuality "1"]

1. d4 Nf6 2. c4 g6 3. Nc3 Bg7 4. e4 d6 5. Nf3 0-0 6. Be2 Nbd7 7. d5 e5 8. Bg5 Qe8 9. Nd2 Nc5 10. b4 Na6 11. a3 Nd7 12. Be3 f5 13. f3 Nf6 14. 0-0 f4 15. Bf2 g5 16. c5 Rf7 17. Nc4 Bf8 18. Rc1 Rg7 19. Nd2 h5 20. Nb3 g4 21. Bh4 gxf3 22. Bxf3 Ng4 23. Bf2 Qd8 24. Qe1 Nxf2 25. Qxf2 h4 26. Kh1 h3 27. Rg1 Qe7 28. Ne2 Bd7 29. c6 bxc6 30. dxc6 Be6 31. Nd2 Qf6 32. Nc3 Kh8 33. gxh3 Bxh3 34. Nd5 Qh6 35. Rxg7 Bxg7 36. Qe2 Qh4 37. Qxa6 Rg8 38. Qe2 Bh6 39. Rg1 Bg5 40. Qe1 Qh6 41. Qf2 Rg7 42. Bg4 Bh4 43. Qe2 Bg3 44. Bxh3 Qxh3 45. Nf3 Qh5 46. Rg2 Rh7 47. Kg1 Bh4 48. Nxh4 Qxh4 49. Qf2 Qh5 50. Nf6 Qd1+ 51. Qf1 Qd4+ 52. Kh1 Rh6 53. Rg8# 1-0

[Event "Wch FIDE Online U12 Girls America qual"]
[Site "Tornelo INT"]
[Date "2020.12.02"]
[Round "3"]
[White "Hua, Michelle"]
[Black "Valdes Boza, Aliett"]
[Result "0-1"]
[WhiteElo "1606"]
[BlackElo "1892"]
[PlyCount "67"]
[EventDate "2020.12.01"]
[EventType "swiss (rapid)"]
[EventRounds "7"]
[EventCountry "ISS"]
[SourceTitle "EXT 2022"]
[Source "ChessBase"]
[SourceDate "2021.10.06"]
[SourceVersion "1"]
[SourceVersionDate "2021.10.06"]
[SourceQuality "1"]

1. c4 c5 2. g3 g6 3. Bg2 Bg7 4. Nc3 Nf6 5. e3 e6 6. Nge2 Nc6 7. d4 cxd4 8. Nxd4 0-0 9. Nde2 Qb6 10. 0-0 Rd8 11. Qa4 d5 12. cxd5 exd5 13. Rd1 Be6 14. h3 Rd7 15. Nb5 Rad8 16. Nbd4 Nxd4 17. Nxd4 Ne4 18. Bf1 Ng5 19. Bg2 Bxh3 20. Bxh3 Nxh3+ 21. Kg2 Ng5 22. Rb1 Ne4 23. Ra1 Qf6 24. f3 Ng5 25. Qxa7 Qd6 26. Qa4 Rc8 27. b3 Rdc7 28. Bb2 Rc2+ 29. Nxc2 Rxc2+ 30. Kf1 Qxg3 31. Qe8+ Bf8 32. Qxf8+ Kxf8 33. Ba3+ Kg8 34. Rd2 0-1

[Event "Wch FIDE Online U12 Girls America qual"]
[Site "Tornelo INT"]
[Date "2020.12.02"]
[Round "2"]
[White "Valdes Boza, Aliett"]
[Black "Norabuena Ticona, Gabriela Paola"]
[Result "1-0"]
[WhiteElo "1892"]
[BlackElo "1420"]
[PlyCount "91"]
[EventDate "2020.12.01"]
[EventType "swiss (rapid)"]
[EventRounds "7"]
[EventCountry "ISS"]
[SourceTitle "EXT 2022"]
[Source "ChessBase"]
[SourceDate "2021.10.06"]
[SourceVersion "1"]
[SourceVersionDate "2021.10.06"]
[SourceQuality "1"]

1. e4 c5 2. Nf3 d6 3. d4 cxd4 4. Nxd4 Nf6 5. Nc3 a6 6. Be3 Nc6 7. Qd2 e6 8. f3 Be7 9. g4 Nd7 10. 0-0-0 Nde5 11. Be2 Qc7 12. f4 Nd7 13. h4 b5 14. f5 Nxd4 15. Bxd4 e5 16. Nd5 Qd8 17. Be3 Bb7 18. g5 Nc5 19. Bf3 Bxd5 20. Qxd5 Rc8 21. Bh5 g6 22. fxg6 hxg6 23. Bg4 Rc7 24. Rdf1 f6 25. gxf6 Bxf6 26. h5 g5 27. Bxc5 dxc5 28. Qe6+ Qe7 29. Rxf6 Qxe6 30. Rxe6+ Kd8 31. Rd1+ Rd7 32. Rxd7+ Kxd7 33. Rh6+ Ke7 34. Rxh8 Kf7 35. Ra8 b4 36. Rxa6 Kg7 37. h6+ Kh7 38. Bf5+ Kg8 39. Ra8+ Kf7 40. h7 g4 41. h8Q Ke7 42. Qe8+ Kf6 43. Qg8 Ke7 44. Rd8 g3 45. Rd7+ Kf6 46. Qg6# 1-0